000 00605nam a2200217Ia 4500
005 20241129120230.0
008 241129s9999||||xx |||||||||||||| ||und||
020 _a9788195965663
037 _aTB
040 _aSDCL
_beng
_cSDCL
041 _ahin
_2hin
084 _aV2y7N10, R3
_qSDCL
100 _aLohia Ram Manohar; Tiwari Vinod Ed.
_9729481
245 0 _aVichar ka aina : Kala sahitya sanskriti
260 _aNew Delhi
_bLokbharti Prakashan
_c2023
300 _a199p
365 _aINR
_b695
650 _aReference
942 _cTB
_hV2y7N10, R3
999 _c1233926
_d1233926